00299nam a2200121Ia 4500100000900000942000700009654001900016245001900035260000900054546001200063999001700075952008500092 a#N/A cBK arole of humour aHumour at Work b#N/A aENGLISH c24711d24711 001040708CDaCRCEbCRCEd2023-03-17l0o pCD1691r2023-03-17w0000-00-00yBK